000 00344nam a22001337a 4500
005 20250924105350.0
008 250924b |||||||| |||| 00| 0 eng d
050 _aSD 919
_bGS FOR
100 _aFORSYTH JOHN
245 _aAGRICULTURAL INSECTS OF GHANA
260 _aACCRA
_bGHANA UNIVERSITIES PRESS
_cc1966
300 _a103p
942 _2lcc
_cBK
_n0
999 _c7674
_d7674